000 01154nam a22002537a 4500
005 20170124103154.0
010 _aB-033348
020 _c500.00
_a8174930371
035 _aB-033348
037 _bCen Lib/Ret
040 _aDPL
_bHN
082 _a220.21
_bसुरेन्द्र
100 _aसुरेन्द्र कुमार
_989195
245 _aऋगवेद में विविध विधाएँ /
_cसुरेन्द्र कुमार
246 _aRigveda mein vividh vidyan /
_bby Surendra Kumar
260 _aदिल्ली
_bसंजय प्रकाशन
_c2000
270 _aए-2/703, प्रगति विहार, सोम बाज़ार
_bदिल्ली
_e110053
300 _axvi, 219पृ.
_c21सेमी (सजिल्द)
650 _aहिन्दू धर्म -- ऋगवेद
_946937
650 _aऋगवेद -- सामाजिक विचार धारा
_989196
650 _aHinduism -- Rig Veda
_989197
650 _aRigVeda -- Social ideologies
_989198
942 _2ddc
_cHN
_h220.21
_mसुरेन्द्र
999 _c120215
_d120215